00436nam a2200145Ia 450000500170000000800460001703700120006304000200007504100130009508400220010824500650013024500380019526000470023330000100028020250508160104.0008 250505s9999 xx 000 0 eng d aTextual aFEDLbengcFEDL aeng2eng a378.54, INDqFEDL 0aDirectory of institutions for higher education in India 1954 0cIndia. Education (Ministry of...) aDelhi, IndiabManager of Publiationsc1954 a113p.